Las cargas probatorias dinámicas en el nuevo Código Civil y Comercial (Registro nro. 31619)
[ vista simple ]
| 000 -LEADER | |
|---|---|
| fixed length control field | 00364 a2200109 4500 |
| 001 - CONTROL NUMBER | |
| control field | ART_37742 |
| 005 - DATE AND TIME OF LATEST TRANSACTION | |
| control field | 20260410162005.0 |
| 008 - FIXED-LENGTH DATA ELEMENTS--GENERAL INFORMATION | |
| fixed length control field | 260409a |
| 100 1# - MAIN ENTRY--PERSONAL NAME | |
| Personal name | Christello, Martín A. |
| 245 10 - TITLE STATEMENT | |
| Title | Las cargas probatorias dinámicas en el nuevo Código Civil y Comercial |
| 773 0# - HOST ITEM ENTRY | |
| Title | Temas de derecho civil |
| Related parts | - Año 2, Nº 3 (mar. 2016) |
| Record control number | REV34778 |
No hay ítems disponibles.